[Event "Dos Hermanas-A"]
[Site "Dos Hermanas"]
[Date "2003.04.01"]
[Round "5"]
[White "Shirov, Alexei"]
[Black "Tiviakov, Sergei"]
[Result "1-0"]
[WhiteElo "2723"]
[BlackElo "2635"]
[Annotator "McShane,L"]
[PlyCount "71"]
[EventDate "2003.03.28"]
[EventType "tourn"]
[EventRounds "9"]
[EventCountry "ESP"]
[EventCategory "16"]
[SourceTitle "CBM 095"]
[Source "ChessBase"]
[SourceDate "2003.07.25"]
[SourceVersion "1"]
[SourceVersionDate "2003.07.25"]
[SourceQuality "1"]

{The twelfth Dos Hermanas over the board tournament is at the time of writing
underway in Spain. I say 'over the board' because the event has for the last
four years had a curtain-raising event played over the internet, which never
fails to attract attention. As usual the internet tournament was played on the
ICC, the Internet Chess Club (www.chessclub.com), where many of the world's
strongest players can be found. 1117 people took part, including 67
grandmasters and 103 international masters. Thanks to the internet, these
players came from 75 different countries.   The all-play-all tournament in
Spain boasts Shirov and Khalifman as the top two players, as well as X year
old Sergey Karjakin from Ukraine, the world's youngest grandmaster. The
festival extends to a host of other tournaments, including two more strong
all-play all events. In the following game from the fifth round, Shirov
demolishes Tiviakov's favourite Sicilian Dragon in crushing style.} 1. e4 {
Tiviakov Ftacnik} c5 2. Nf3 d6 3. d4 cxd4 4. Nxd4 Nf6 5. Nc3 g6 6. Be3 Bg7 7.
f3 Nc6 8. Qd2 O-O 9. Bc4 Nd7 $2 {Chess is a mind-boggling complicated game,
which frequently seems to defy common sense. But that doesn't mean that one
cannot go far with the aid of a little independent thought. This is the
Yugoslav variation of the Dragon, in which White castles long and attempts to
give mate down the h-file, while Black cooks something up on the queenside.
With this move Black aims to get a knight to c4, but even thinking in general
terms it is clear that he wastes tempi he simply cannot afford, as well as
removing an important kingside defender.} 10. O-O-O Nb6 11. Bb3 Na5 12. Qd3 ({
Being surprised in the opening, Sulskis deviates from the main theoretical
line. Black reaches a comfortable position only to spoil it by mistakes on
move 27 and 28.} 12. Bg5 $146 {Tiviakov} Bd7 13. Kb1 Rc8 (13... Nbc4 $5) (13...
Nac4 $5) 14. Qe1 (14. h4) 14... h6 15. Bc1 Nbc4 16. f4 (16. h4) (16. g4) 16...
e5 17. fxe5 Nxb3 (17... Nxe5 $13) 18. cxb3 Nxe5 19. Ndb5 Bxb5 20. Nxb5 Qb6 21.
Qe2 (21. Nxd6 Rc6) 21... a6 22. Nc3 (22. Nxd6 Rc6 23. Nc4 Nxc4 24. bxc4 Rfc8
$15) 22... Rfe8 23. Rhf1 Re6 $11 24. Be3 Qd8 25. Nd5 Nc6 26. Qf3 Qe8 27. g4 Ne7
$1 $15) 12... Bd7 13. Kb1 Rc8 14. g4 (14. h4 {Tiviakov is a main theoretcial
continuation. 14.g4 is worse because it weakens the pawn f3, giving Black some
extra possibilities.}) 14... Nac4 (14... Nbc4 {Tiviakov is alternative to the
text.} 15. Bc1 Nxb3 (15... b5 $132 {with counterplay is better}) 16. cxb3 Ne5
17. Qe2 Nc6 18. Be3 $16 {1-0 Santacruz,C-Chaudry,A/Dubai 1986/TD (54)}) 15. h4
({After} 15. Bc1 {Tiviakov} Ne5 16. Qe3 ({Not} 16. Qe2 a5 $1 (16... Rxc3 $44)
17. a4 $140 Rxc3) 16... Nbc4 (16... a5 17. a4 Qe8 18. Ndb5) 17. Qe2 {Black is
able to develop a strong attack on the queen's side after} Na3+ $5 18. Ka1 Rxc3
19. bxc3 Qa5 $44 {->}) 15... Ne5 {'?' Ftacnik. '?' Tiviakov. Ftacnik:
'Tiviakov was truly suffering at the board in Spain, the reason can be found
in tactical and strategical mistakes in his games. The knight jum into the
center is remarkably illigical continuation, since both knights have already
made too many moves.' Tiviakov: '[A serious mistake. I underestimated the
danger of the piece sacrifice which took place in the game. After the correct'}
(15... Nxe3 {Ftacnik} 16. Qxe3 {'~~' Tiviakov.} a5 17. a3 (17. h5 a4 18. Bd5 e6
) 17... h6 $13) ({or even better} 15... a5 $142 {Tiviakov Black doesn't have
much to worry about. His position is OK, although White still retains the
compensation for the piece after} 16. h5 a4 17. hxg6 (17. Bxc4 Nxc4 $36) 17...
axb3 18. gxh7+ Kh8 19. cxb3 Nxe3 20. Qxe3 $44) 16. Qe2 a5 {'?' Tiviakov.} ({
And this mistake becomes fatal. After the correct} 16... Rxc3 {Tiviakov} 17.
bxc3 Qc7 $44 {Black has the compensation for the exchange}) 17. h5 $1 {Three
pawns and the continuation of the attack will be more than enough compensation.
} (17. a4 {Tiviakov} Rxc3 18. bxc3 Nxa4 $17 {is bad for White.}) 17... a4 (
17... Rxc3 {Tiviakov} 18. bxc3 a4 19. hxg6 axb3 20. gxh7+ Kh8 21. cxb3 $16 {
is bad for Black quite similar to the game.}) 18. hxg6 {'!' Tiviakov.} ({
Tiviakov: not} 18. Bd5 {Ftacnik} Nxd5 (18... Rxc3 {Tiviakov} 19. bxc3 Nxd5 $40)
(18... e6 $5 {Tiviakov}) 19. Nxd5 e6 $11) 18... axb3 19. gxh7+ {'!' Tiviakov.}
(19. Qh2 {Tiviakov} fxg6 20. Qxh7+ Kf7 21. Bh6 bxc2+ 22. Nxc2 Rg8) 19... Kh8
20. cxb3 {'+/-' Tiviakov. Despite the exertions of the Black knights, the c4
square is off-limits after all. Tiviakov: '[Normally this type of structure
and the material balance is in Black's favour. But due to the threat of Nd4-f5,
exchanging one of the bishops, and the cut off position of the knight b6,
White has much better position and Black is not able to regroup his pieces.]'}
e6 {'?!' Ftacnik. Ftacnik: 'White's excellent positional solution is met by
the defender's fatal weakening of the pawn structure. '} (20... Nc6 {Ftacnik}
21. Nf5 Bxf5 22. gxf5 $16) 21. f4 {'!' Tiviakov. Preumably 20...e6 was aimed
against Nd4-f5, but now the e5 knight is forced back, as g4 is not hanging.} ({
After} 21. Ndb5 {Tiviakov} Bxb5 22. Nxb5 d5 $13 {Black has the square d7 for
the knight to retreat.} 23. f4 $140 Ned7) 21... Nc6 ({This move loses almost
by force.} 21... Ng6 {Tiviakov} 22. f5 Ne5 23. g5 $5 $16 {is not much better.})
(21... Nec4 $5 {Tiviakov offered by Shirov, was, probably, the most stubborn
defence. Althought still after} 22. bxc4 Nxc4 23. Nb3 $16 {White is much
better.} Nxb2 $140 24. Qxb2 Rxc3 25. Bd4) 22. Ndb5 d5 {'[]' Tiviakov.} 23. Qf2
$1 Na8 {'[]' Tiviakov. The knight will not leave this sad square for the rest
of the game.} 24. Bc5 Ne7 {'[]' Tiviakov.} 25. f5 $1 {All of Shirov's moves
flow extremely naturally. Ftacnik: 'Shirov is fabulous in the original
positions and perfectly builds up the initiative. It will be a pleasure to
watch how uncompromissingly he will dispose off the passive black pieces.'} f6
{'[]' Tiviakov.} 26. exd5 {'+-' Tiviakov. Tiviakov: '[White wins easily.]'} e5
(26... exd5 {Tiviakov} 27. Rhe1) (26... exf5 {Tiviakov} 27. Rhe1 Rxc5 28. Qxc5
Ng6 29. gxf5) (26... Bxb5 {Tiviakov} 27. Nxb5 exd5 28. Rhe1 $18) 27. Nd6 Rc7
28. Nde4 Rc8 29. d6 Nc6 30. Nd5 {Completing the picture of complete control,
with a handy threat of Nd5-e7.} Rf7 31. g5 $1 {Crashing through on f6 instead.
Ftacnik: 'Also thanks to the knight sleeping on a8, the board is completely
dominated by the white pieces.'} Nd4 (31... fxg5 32. f6 Bf8 33. Ne7 {
threatening Ng6 mate, is decisive.}) 32. Bxd4 exd4 33. gxf6 Bxf6 34. Nexf6 Rxf6
35. Qxd4 Bxf5+ 36. Ka1 1-0

[Event "Geneve FIDE GP (Women)"]
[Site "Geneve"]
[Date "2013.05.09"]
[Round "6"]
[White "Kosintseva, Tatiana"]
[Black "Cmilyte, Viktorija"]
[Result "1-0"]
[WhiteElo "2517"]
[BlackElo "2522"]
[Annotator "Mikhalchishin,A"]
[PlyCount "83"]
[EventDate "2013.05.03"]
[EventType "tourn"]
[EventRounds "11"]
[EventCountry "SUI"]
[EventCategory "11"]
[SourceTitle "CBM 155"]
[Source "ChessBase"]
[SourceDate "2013.07.16"]
[SourceVersion "1"]
[SourceVersionDate "2013.07.16"]
[SourceQuality "1"]
[WhiteClock "0:39:58"]
[BlackClock "0:33:50"]

1. e4 c5 2. Nf3 d6 3. d4 cxd4 4. Nxd4 Nf6 5. Nc3 g6 6. Be3 Bg7 7. f3 O-O 8. Qd2
Nc6 9. Bc4 Nxd4 ({Viktoria has switched to a more positional line, as her try
in a sharp variation was powerfully met by Tatiana.} 9... Bd7 10. h4 Ne5 11.
Bb3 h5 12. O-O-O Rc8 13. Bg5 Rc5 14. Kb1 Re8 15. Bh6 Qa5 16. g4 Nc4 17. Bxc4
Rxc4 18. Bxg7 Kxg7 19. Nb3 Qd8 20. e5 {Kosintseva,T (2536)-Cmilyte,V (2525)/
Moscow 2011; with a tremendous initiative. But there is an open question - why
is such an active player as Viktoria prepared to suffer in a worse pawn ending?
}) 10. Bxd4 Be6 11. Bb3 Qa5 12. O-O-O Rfc8 13. Kb1 b5 ({Here the best way
seems to be the old game Krogius-Lisitsin, where Black played} 13... Bxb3 14.
cxb3 Rc6 15. g4 Rac8 16. h4 h5) 14. Rhe1 Bxb3 15. cxb3 b4 {Now the game in a
forced way is switched into a known pawn ending:} 16. Bxf6 ({Tatiana did not
like her last handling of the Dragon:} 16. Nd5 Nxd5 17. Bxg7 Kxg7 18. exd5 Rc7
19. h4 Rac8 20. a4 Qb6 21. Re2 h5 22. Qd3 a5 23. g4 Rh8 24. g5 Qb7 25. Rde1 Re8
26. Re4 Rc5 27. Rd4 Qd7 {Kosintseva,T (2532)-Cmilyte,V (2508)/Kazan 2012.
White had more pawn weaknesses, but was able to save the game later.}) 16...
bxc3 17. Bxc3 Bxc3 18. bxc3 Rxc3 19. Re3 Rac8 20. Rxc3 Qxc3 ({Black would
really suffer in the rook endgame after} 20... Rxc3 21. Kb2 Rc5 22. Qxa5 Rxa5
23. Rc1) 21. Qxc3 Rxc3 22. Rc1 Rxc1+ 23. Kxc1 Kf8 {This pawn endgame was
extensively and I would say definitively analysed by GM Karel van der Weide &
IM Jeroen Bosch a few years ago in New in Chess in a brilliant article. I
remember the conclusion, that Black achieves a draw after very bad suffering,
if I am not mistaken.} (23... g5 $2 24. Kb2 Kf8 25. Ka3 Ke8 26. Ka4 Kd7 27. Ka5
Kc7 28. Ka6 Kb8 (28... e6 29. Kxa7 $18) 29. b4 e6 30. b5 d5 31. exd5 exd5 32.
Ka5 Kc7 33. Kb4 d4 34. a4 $1 (34. Kc4 $2 Kb6 35. a4 Ka5) 34... Kb6 35. a5+ $18)
24. Kc2 ({The immediate pawn attack is not so precise:} 24. b4 Ke8 25. b5 (25.
a4 Kd7 26. Kc2 Kc6 27. Kc3 e6 28. Kd4 Kb6 29. h4 h6 30. g4 Kc6 31. f4 Kb6 32.
f5 g5 33. hxg5 hxg5 34. Kc4 a6 35. b5 axb5+ 36. axb5 Kc7 37. Kb4 Kb6 38. Ka4
exf5 39. exf5 f6 40. Kb4 d5 41. Ka4 d4 {1/2 Jensen,J-Guimaraes da Silva,G/corr
1986/UltraCorr2}) 25... Kd7 26. a4 d5 27. e5 a6 $1 28. bxa6 Kc7 29. f4 ({
A safer move was} 29. Kb2 Kb6 30. Ka3 g5 31. Kb3 Kxa6 32. Kb4 h5 33. a5 e6 34.
Ka4 {and now there are many ways to draw.}) 29... Kb6 30. g4 Kxa6 31. Kc2 Ka5
32. Kb3 h6 33. h4 h5 34. f5 e6 35. fxg6 fxg6 36. gxh5 gxh5 37. Ka3 d4 38. Kb3
d3 39. Kc3 Kxa4 40. Kxd3 Kb4 41. Ke4 Kc4 {Stoinev,M (2266)-Tsvetkov,I (2351)/
Pleven 2006; and Black won the pawn on e5. Of course, in chess it is possible
to lose any position!}) 24... Ke8 25. Kc3 Kd7 26. Kc4 Kc6 27. b4 (27. h4 e6 (
27... h6 28. b4 e6 29. a4 Kb6 30. f4 $1 (30. g4 g5 31. h5 f6)) 28. b4 a6 29. a4
h6 (29... f5 30. exf5 gxf5 31. g4 fxg4 32. fxg4 e5 33. b5+ axb5+ 34. axb5+ Kb6
35. g5 {1-0 Santos,C (2340)-Lima,P (2115)/Loures 1996/EXT 1998}) (29... Kb7 30.
b5 a5 $18) 30. g4 Kb6 (30... g5 $2 31. h5 f6 (31... Kb6 $2 32. f4 $1 gxf4 33.
g5 $18) 32. b5+ axb5+ 33. axb5+ Kb7 34. Kb4 Kb6 35. Ka4 Kb7 36. Ka5 Ka7 37. b6+
Ka8 38. Kb4 {1-0 Cappello,B-Crippa/corr 1964/UltraCorr2}) 31. f4 (31. b5 a5 $1)
31... Kc6 (31... Kc7 32. f5 g5 33. h5 Kb6 34. Kd4 Kc6 35. Kc3 Kc7 36. b5 axb5
37. axb5 Kb6 38. fxe6 fxe6 39. Kb4 Kb7 40. Ka5 Ka7 41. b6+ Kb7 42. Kb5 e5 43.
Ka5 d5 44. exd5 e4 45. d6 e3 46. d7 e2 47. d8=Q e1=Q+ 48. Kb5 Qe8+ {1/2 Kapic,
I-Fagerstrom,R/corr ICCF 1965/UltraCorr2}) 32. f5 g5 33. hxg5 hxg5 34. fxe6
fxe6 35. b5+ axb5+ 36. axb5+ Kb6 37. Kb4 Kb7 38. Ka5 Ka7 39. b6+ Kb7 40. Kb5 e5
41. Ka5 d5 $1 42. exd5 e4 43. d6 e3 44. d7 e2 45. d8=Q e1=Q+ 46. Kb5 Qe8+ $3 {
It is always a joy to perform something like this!} 47. Qxe8 {1/2 Bukavshin,I 
(2435)-Belous,V (2471)/Kirishi 2010/CBM 136 Extra}) 27... a6 ({A few other
moves have been tried here} 27... Kb6 28. h4 e6 29. g4 h6 30. f4 Ka6 31. a4 Kb6
32. Kd4 (32. a5+ Kc6 33. f5 g5 34. h5 Kb7 (34... a6 $2 35. f6 $18) 35. b5 (35.
Kb5 Kc7 36. Ka6 Kb8) 35... Kc7 36. Kd4 Kd7 37. f6 Kc7 38. e5 d5 (38... dxe5+
39. Kxe5 Kd7 40. Kd4 Kd6 41. Kc4 e5 42. a6 $1 $18) 39. Kc5 Kd7 $1 (39... Kb7
40. Kd6 d4 41. Ke7 d3 42. Kxf7 d2 43. Kg8 d1=Q 44. f7 $18) 40. b6 axb6+ 41.
Kxb6 (41. axb6 d4 $1) 41... Kc8 $1 {1/2 Rittner,H-Arnlind,E/corr BdF 1970/
UltraCorr2/[Bosch] (66)}) 32... Kc6 33. Kd3 d5 34. Kd4 dxe4 35. Kxe4 f6 36. g5
hxg5 37. fxg5 fxg5 38. hxg5 Kd6 39. Kd4 a6 40. b5 a5 41. Ke4 {1-0 Bracker,F 
(2274)-Schroeder,C (2153)/Hamburg 2010/EXT 2011}) (27... g5 {was possible}) 28.
h4 f6 $2 {Viktoria believed that this was the decisive mistake and possibly
the best way to draw was} (28... h5) 29. a4 e6 30. g4 g5 31. hxg5 fxg5 32. b5+
axb5+ 33. axb5+ Kc7 34. Kb4 Kb6 35. Ka4 h6 ({Black cannot play} 35... d5 36.
exd5 exd5 37. Kb4 h6 38. Ka4 d4 39. Kb4 d3 40. Kc3 Kxb5 41. Kxd3 Kb4 (41... Kc5
42. Ke4) 42. Ke4 Kc3 43. Kf5 Kd3 44. Kg6 Ke3 45. Kxh6 Kxf3 46. Kxg5) 36. Kb4
Kc7 37. Ka5 Kb7 38. b6 Ka8 39. Ka4 $1 {Classical triangulation.} (39. Ka6 {
was wrong:} Kb8 40. b7 d5 41. exd5 exd5 42. Kb5 Kxb7 43. Kc5 Kc7 44. Kxd5 Kd7)
39... Kb8 40. Kb4 Kc8 41. Ka5 Kb8 42. Ka6 {This endgame is very interesting to
study using the New in Chess article, but its practical value is low, as it
demands so much knowledge to achieve a draw with only precise moves. It means,
that such variations are useful just in correspondence games or in a match for
the World Championship, where a draw with Black is a very welcome result.} 1-0

[Event "Olympiad-39"]
[Site "Khanty-Mansiysk"]
[Date "2010.09.22"]
[Round "2.2"]
[White "Zhigalko, Andrey"]
[Black "Motylev, Alexander"]
[Result "0-1"]
[WhiteElo "2580"]
[BlackElo "2694"]
[Annotator "Motylev,A"]
[PlyCount "122"]
[EventDate "2010.09.21"]
[EventType "team-swiss"]
[EventRounds "11"]
[EventCountry "RUS"]
[SourceTitle "CBM 139"]
[Source "ChessBase"]
[SourceDate "2010.11.18"]
[SourceVersion "1"]
[SourceVersionDate "2010.11.18"]
[SourceQuality "1"]
[WhiteTeam "Belarus"]
[BlackTeam "Russia III"]
[WhiteTeamCountry "BLR"]
[BlackTeamCountry "RUS"]

{As the Olympiad and European Club Cup have shown - you should never
underestimate Belarus! This time our team managed to win in a tough fight and
only with the minimal score.} 1. e4 c5 2. Nf3 d6 3. d4 cxd4 4. Nxd4 Nf6 5. Nc3
g6 6. Be3 Bg7 7. f3 O-O 8. Qd2 Nc6 9. Bc4 Bd7 10. O-O-O Rb8 11. Bb3 Na5 12. Bh6
Bxh6 13. Qxh6 e5 $5 {A new and rare move.} ({The main goal is to get the
position from the variation} 13... b5 14. h4 e5 15. Nde2 {avoiding the
unpleasant possibility 14.g4.}) 14. Nde2 (14. Ndb5 {would led to unclear play
after} Nxb3+ 15. axb3 Bxb5 16. Nxb5 Qa5) 14... b5 15. Rxd6 b4 $1 16. Nb1 $2 {
A dubious retreat.} ({The main line is probably} 16. Nd5 Nxb3+ 17. axb3 Nxd5
18. Rxd5 Qc7 {and Black has compensation for the sacrificed pawn.}) ({There is
also the interesting} 16. Na4 $5 {intending to sacrifice this knight but it is
not clear if White has more than perpetual check -} Nb7 17. Rd2 Qe8 18. Ng3 $1
Bxa4 19. Nf5 gxf5 20. Qg5+ Kh8 21. Qxf6+ Kg8 $11) 16... Nxb3+ ({There was also
the quite good} 16... Qe7 $5 17. Rhd1 Bb5 18. Ng3 Nxb3+ 19. axb3 Ne8 20. R6d2
Ng7 $15 {but I decided that best place for the black queen is c7.}) 17. axb3
Ne8 18. Rd3 ({Perhaps} 18. Rd2 Qc7 19. Qe3 {was slightly better, but still I
think Black has an edge here.}) 18... Qc7 19. Rhd1 Bb5 $15 20. c4 $1 {This is
almost forced.} (20. R3d2 Ng7 {is too sad.}) 20... bxc3 21. Rxc3 Qb7 22. Ng3 $6
({The modest} 22. Qe3 Ng7 23. Na3 Bxe2 24. Qxe2 Ne6 $15 {was better.}) 22...
Ng7 23. f4 $5 {This is a risky and may be an objectively dubious decision, but
at least White creates some complications. Otherwise Black would have a
comfortable advantage with an easy game.} (23. Qd2 a6 $5 (23... Ne6 24. Qd5 Qb6
25. Qd6 $15) 24. Qd5 Qe7 $17) 23... Rfd8 $2 {Too academic.} ({I calculated} 
23... Ba4 $5 {for quite a long time, but decided to choose a different
continuation, because White has too many options here. Still the complications
work out for Black in all ways, so this move was good enough.} 24. Rdd3 (24. f5
Rfc8 25. Qe3 Bxb3 26. Rdd3 Bc4 27. Rd2 $17) (24. Nd2 Rfc8) 24... Rfc8 25. Rxc8+
(25. Nf5 $5 gxf5 26. Rg3 f6 27. fxe5 f4 $1 28. Qxf4 (28. Rg4 Kh8 29. exf6 Nh5
$3 (29... Ne6 $2 30. f7 Qxf7 31. bxa4) 30. Qxh5 Qxb3 $19) 28... fxe5 29. Qxe5
Be8 $17) 25... Rxc8+ 26. Rc3 Bxb3 27. f5 (27. fxe5 Rxc3+ 28. Nxc3 Qb6 29. Nge2
Qf2 30. Kd2 Qxg2) 27... Rxc3+ 28. Nxc3 Qb6 $17) (23... exf4 $6 {was not so
good:} 24. Qxf4 Ne6 25. Qf6 Rfc8 26. Rxc8+ Rxc8+ 27. Nc3 $15) ({but} 23... Rfc8
$1 {was the simplest way to keep the pressure and I think it was the best
practical decision} 24. Rxc8+ Rxc8+ 25. Nc3 Be8 $1 {Black has a strong
initiative. For example -} 26. fxe5 (26. f5 Qxb3 27. Qd2 Qa2 $17) 26... Qxb3
27. Nge2 $5 Qa2 28. Qd2 Qa1+ 29. Kc2 Ba4+ 30. b3 Qa2+ 31. Kd3 Qxb3 32. Rb1 Rd8+
(32... Qa3 33. Ke3 Ne6 34. Kf2) 33. Nd4 Ne6 34. Rxb3 Rxd4+ 35. Ke3 Rxd2 36.
Rb8+ Rd8 37. Rxd8+ Nxd8 38. Nxa4 Nc6 {and Black should win the endgame.}) 24.
Rxd8+ $6 {White should have refrained from exchanging rooks on d8.} ({Slightly
better was} 24. fxe5 Rxd1+ 25. Kxd1 Rd8+ 26. Ke1 Ne6 27. Nd2 Qb6 28. Qe3 Qa5
$15 (28... Qxe3+ 29. Rxe3 Nf4 30. Kd1 $15)) ({but the best was} 24. f5 $1 {
setting a little trap:} Rxd1+ (24... Rd4 {looks good for Black, but then} 25.
f6 $1 Ne6 26. Nf5 $1 {works, and now Black has to find the draw} Rxd1+ 27. Kxd1
Be2+ $1 {Only move.} 28. Ke1 $1 gxf5 29. exf5 Qe4 30. fxe6 (30. Nd2 Qxf5 31.
Kxe2 Kh8 $13) 30... Bd3+ 31. Kf2 Qe2+ 32. Kg3 Qe1+ $11) (24... Qb6 25. Rxd8+
Rxd8 26. Qe3 Qd6 27. Nd2 {and White has a stabilised position.}) 25. Kxd1 Rd8+
26. Nd2 Qa6 27. Qe3 {and White is close to equality.}) 24... Rxd8 25. Na3 $2 {
One more unfortunate decision.} (25. fxe5 Qb8 $15) (25. f5 Bd3 26. Qd2 Qd7 $15)
25... Bd3 $1 (25... Qb6 {is not so clear:} 26. Kb1 $1 {and now nothing is
achieved by} Rd1+ 27. Ka2 Qg1 28. Nc2) 26. fxe5 $8 Qb6 $6 ({Better was the
simple} 26... Bxe4 27. Qe3 Qd5 28. Qe2 Bxg2 29. Nc4 Ne6 $17) ({or even} 26...
Ne6 27. Qe3 Qd7 $17) 27. Qd2 $8 Qg1+ ({A better version of the endgame could
have arisen in the event of} 27... Bxe4 28. Qe3 (28. Qe2 Nf5 $1) (28. Qe1 Bxg2
29. Nc4) 28... Qxe3+ 29. Rxe3 Bxg2) 28. Qd1 Qe3+ 29. Qd2 Qg1+ 30. Qd1 Qxd1+ 31.
Kxd1 Bxe4+ 32. Ke1 $1 Bxg2 33. Nc4 ({White could immediately clarify the place
of the black bishop} 33. Kf2 Bd5 (33... Ba8 $6 34. Rc7 $1) (33... Bb7 34. Nc4)
34. Rd3 Ne6 $15) 33... Ne6 $6 ({In view of the possibility 34.Nh5 perhaps
Black should have thought about} 33... Bd5 34. Nd6 Ne6 35. b4 $15) ({or} 33...
Kf8 $5) 34. Kf2 $2 ({Missing a nice trick -} 34. Nh5 $1 gxh5 35. Rg3+ Kf8 36.
Rxg2 {and despite of the evaluation of Rybka a draw is very close.}) 34... Ba8
(34... Bd5 35. Rd3 Kf8 $15) 35. Ke3 h5 36. Ne4 $2 {It allows Black to
strengthen the advantage by exchanging the bishop.} ({Better was} 36. b4) ({or
} 36. Ne2) 36... Bxe4 $1 37. Kxe4 Rd4+ 38. Kf3 Rh4 39. Kg3 Re4 40. Kf2 Nd4 {
Zeitnot is over. Now Black's position is almost winning, but he's still a long
way from collecting the full point.} 41. h3 Kg7 42. Rd3 ({The active try} 42.
Nd6 {doesn't help} Rxe5 43. Rc7 Kf6 44. Nxf7 Re2+ 45. Kg1 Rxb2 (45... a5 $19) (
45... Re3 $19) 46. Rxa7 Rxb3 47. Kh2 Nf3+ 48. Kg2 Nh4+ 49. Kh2 Rb2+ 50. Kg3
Nf5+ 51. Kf3 Rh2) 42... g5 $1 ({Unnecessary complications could arise after} 
42... Nxb3 $6 43. Nd6 Rf4+ (43... Nc5 $6 44. Rf3) 44. Kg3 ({not so clear is
even} 44. Ke3 $5 Rh4 45. Kf2 Nc5 $8 46. Rd5) 44... Nc5 (44... Rb4 45. Rf3) 45.
Ra3 (45. Rd5 Ne6 46. Ra5 h4+ 47. Kg2 g5 48. Rxa7 Kg6 $19) 45... Rd4 46. Rxa7
Ne4+ 47. Nxe4 Rxe4 48. b4 (48. Re7 Kf8 49. Rb7 Rxe5) 48... Rxe5 49. Ra3 Rb5 50.
Rb3 {with some chances to escape.}) 43. Nd6 Rf4+ 44. Ke3 (44. Kg2 Kg6) 44...
Ne6 $1 45. Rc3 Kg6 $1 $19 {The black king is safe and the kingside pawns are
ready to push.} 46. Rc4 (46. Rc8 Rh4 47. Rg8+ Kh7 48. Ra8 Rxh3+ 49. Kf2 Rd3 50.
Rxa7 Kg6 $19) 46... a5 $5 ({It was simpler to play} 46... Rf1 {now or the next
move} 47. Ra4 Rh1 $19) 47. Ra4 Rb4 (47... Rf1 48. Rxa5 Rh1 $19) 48. Rxb4 axb4
49. Ke4 h4 50. Nc8 Nc5+ $6 (50... Nf4 51. Ne7+ Kh5 {wins at once.}) 51. Kf3 Nd3
(51... Kf5 $6 52. Nd6+) 52. Ne7+ Kh5 53. Ke4 (53. Nc6 Nf4 $19) 53... Nf2+ 54.
Kf5 Nxh3 55. Ng8 Nf2 $1 56. Nf6+ ({Here in my mind came the line -} 56. Kf6
Ng4+ 57. Kg7 Nxe5 58. Nf6# {Nice, but not forced:)}) 56... Kh6 57. Ng8+ Kg7 58.
Ne7 h3 59. Kxg5 h2 60. Nf5+ Kf8 61. Ng3 Ne4+ 0-1